| 000 | 00682nam a22001697a 4500 | ||
|---|---|---|---|
| 005 | 20260410103537.0 | ||
| 008 | 250219b |||||||| |||| 00| 0 eng d | ||
| 082 |
_22023 _aUT |
||
| 100 |
_aPanta, Bryan C. _965611 |
||
| 245 |
_aEvaluation of disaster-related mobile application accuracy in giving real-time disaster information / _cBryan C. Panta, Mark Anthony S. Cariñosa, and John Rein S. Dotollo |
||
| 260 |
_aDigos City : _bUMDC, _c©August 2023, |
||
| 300 |
_avii, 39 pages : _billustration (some colors) ; _c29 cm. |
||
| 500 | _aIncludes references and appendices. | ||
| 700 |
_aCariñosa, Mark Anthony S. _965612 |
||
| 700 |
_a Dotollo, John Rein S. _965613 |
||
| 942 |
_2ddc _cUT |
||
| 999 |
_c23539 _d23539 |
||